| 000 | 00870nam a22002297a 4500 | ||
|---|---|---|---|
| 999 |
_c4736 _d4736 |
||
| 003 | AR-CdUCM | ||
| 008 | 190311b ||||| |||| 00| 0 spa d | ||
| 020 | _a968-29-1636-4 | ||
| 040 |
_aMUNICIPALIDAD PROVINCIAL DEL CUSCO _cBIBLIOTECA MUNICIPAL DEL CUSCO |
||
| 082 |
_a869.15 / _bF65 |
||
| 100 |
_aFlores, Miguel Angel _92276 |
||
| 245 |
_aPlegaria : _bPoemas escogidas / |
||
| 260 |
_aMixico : _bInstituto politécnico nacional, _c1987. |
||
| 300 |
_a102 paginas ; _c20 cm. |
||
| 440 |
_a Colección de textos literarios serie nuestra palabra _n8 _914661 |
||
| 505 | _aContenido : Visita al museo de arte medieval "the cloisters" -- El tañido de laud -- Venecia -- Impresión -- Yo vi la rosa ... | ||
| 650 |
_aPoesía mexicana _914662 |
||
| 650 |
_aLiteratura latinoamericana _91143 |
||
| 650 |
_aLiteratura universal _9611 |
||
| 942 |
_2ddc _cLIBROS |
||
| 945 | _arah | ||